| 000 | 00449nam a2200169 a 4500 | ||
|---|---|---|---|
| 005 | 20230315063841.0 | ||
| 008 | 991125s1976 mx 000 0 spa u | ||
| 035 | _aUPN01000007668 | ||
| 049 | _aF | ||
| 050 | 4 |
_aLC1043 _bC52 |
|
| 245 | 0 | 0 | _aCiclo de orientación vocacional. |
| 260 |
_aMéxico : _bCONACYT, _c1976. |
||
| 300 | _a24 p. | ||
| 500 | _a"Calendario de programas de televisión" | ||
| 650 | 4 |
_aOrientación vocacional _95 |
|
| 905 | _aLibro | ||
| 999 |
_c7668 _d7668 |
||